Mari berpantun

Bibliographic Details
Main Author: Siti Fatimah Mat Isa
Format: Book
Published: Selangor : Read Resources , 2000
Series:Siri bacaan bayan bestari
Subjects:

MARC

LEADER 00000cam a2200000 7i4500
001 0000000086
005 20220105103908.0
008 070629
020 |a 9830720101 
090 0 0 |a JP   |b MAL (265) 
100 0 |a Siti Fatimah Mat Isa 
245 1 0 |a Mari berpantun   |c Siti Fatimah Mat Isa 
260 |a Selangor :   |b Read Resources ,   |c 2000 
440 |a Siri bacaan bayan bestari 
500 |a Children age 4-6 years old (yellow) 
650 0 |a Junior preschool   |x Malay   |x Languages 
999 |a 0000953890   |b Book   |c Children Collection   |e Perbadanan Perpustakaan Awam Johor 
999 |a 0000953891   |b Book   |c Children Collection   |e Perbadanan Perpustakaan Awam Johor 
999 |a 0000953892   |b Book   |c Children Collection   |e Perbadanan Perpustakaan Awam Johor 
999 |a 0000953893   |b Book   |c Children Collection   |e Perbadanan Perpustakaan Awam Johor 
999 |a 0000953894   |b Book   |c Children Collection   |e Perbadanan Perpustakaan Awam Johor